Programación en QuickBasic 4.0/4.5 / Luis Joyanes Aguilar (Registro nro. 12108)
[ vista simple ]
| 000 -LÍDER | |
|---|---|
| fixed length control field | 00556nam a2200157 4500 |
| 008 - ELEMENTOS DE LONGITUD FIJA -- INFORMACIÓN GENERAL | |
| fixed length control field | 0 1992 0a 000 0MEX |
| 020 ## - NÚMERO INTERNACIONAL NORMALIZADO PARA LIBROS | |
| ISBN | 84-7615-384-8 |
| 050 ## - SIGNATURA TOPOGRAFICA DE LA BIBLIOTECA DEL CONGRESO (LC) | |
| Número de Clasificación | QA76.73 B36 J88 |
| 082 ## - NUMERO DE CLASIFICACION DECIMAL DEWEY | |
| Número de Clasificación | 001.642.4 J859p |
| 100 ## - ASIENTO PRINCIPAL--NOMBRE PERSONAL | |
| Nombre personal | Joyanes Aguilar, Luis |
| 245 ## - TÍTULO | |
| Título | Programación en QuickBasic 4.0/4.5 / Luis Joyanes Aguilar |
| 260 ## - PUBLICACIÓN, DISTRIBUCIÓN, ETC. (PIE DE IMPRENTA) | |
| Lugar de publicación, distribución, etc. | México : McGraw-Hill |
| 300 ## - DESCRIPCIÓN FÍSICA | |
| Extensión | xv, 608 p. / 23.5 cm. |
| 500 ## - NOTA GENERAL | |
| Nota general | Incluye ap‚ndices, índice. |
| 650 ## - ASIENTO SECUNDARIO DE MATERIA - TERMINO TEMÁTICO | |
| Término temático o nombre geográfico como elemento de entrada | 1.QUICK BASIC (PROGRAMA PARA COMPUTADORA) \ 2.BASIC (LENGUAJE DE PROGRAMACIÓN PARA COMPUTADORA) |
| No. biblioteca | No. biblioteca | Número de clasificación | Código de barras/Número de adquisición | Número de copia | Tipo de material |
|---|---|---|---|---|---|
| LUIS G. INCLAN | LUIS G. INCLAN | 001.642.4 J859p | 21193 | 1 | Libros |
| LUIS G. INCLAN | LUIS G. INCLAN | 001.642.4 J859p | 21195 | 3 | Libros |
| LUIS G. INCLAN | LUIS G. INCLAN | 001.642.4 J859p | 21194 | 2 | Libros |
